Southville International School and Colleges
Your cart is empty.
  • Cart
  • Lists
    Public lists Eva Luna New books Lux_list list_1
    Your lists Log in to create your own lists
  • Log in to your account
  • Your cookies
  • Search history
Southville International School and Colleges
  • Advanced search
  • Recent comments
  • Most popular
  • Libraries

Log in to your account

Log in with GOOGLE


If you do not have an external account, but do have a local account, you can still log in:

  1. Home
  2. MARC view: Strategy in practice :
Normal view MARC view ISBD view

Strategy in practice : (Record no. 117419)

[ view plain ]
MARC details
000 -LEADER
fixed length control field 00577nam a2200181Ia 4500
008 - FIXED-LENGTH DATA ELEMENTS--GENERAL INFORMATION
fixed length control field 140527s9999 xx 000 0 und d
020 ## - INTERNATIONAL STANDARD BOOK NUMBER
International Standard Book Number 9781118519257
050 ## - LIBRARY OF CONGRESS CALL NUMBER
Classification number HD 30.28
Item number .T68 2013
100 ## - MAIN ENTRY--PERSONAL NAME
Personal name Tovstiga, George.
245 ## - TITLE STATEMENT
Title Strategy in practice :
Remainder of title a practitioner's guide to strategic thinking /
Statement of responsibility, etc George Tovstiga
250 ## - EDITION STATEMENT
Edition statement 2nd ed.
260 ## - PUBLICATION, DISTRIBUTION, ETC. (IMPRINT)
Place of publication, distribution, etc Hoboken :
Name of publisher, distributor, etc Wiley, a John Wiley and Sons, Ltd, Publication,
Date of publication, distribution, etc c2013.
300 ## - PHYSICAL DESCRIPTION
Extent 270 p. :
Other physical details ill. ;
Dimensions 23 cm.
500 ## - GENERAL NOTE
General note Includes appendices and index.
521 ## - TARGET AUDIENCE NOTE
Target audience note
942 ## - ADDED ENTRY ELEMENTS (KOHA)
Call number prefix Foreign
Koha item type Books
Holdings
Withdrawn status Lost status Damaged status Home library Current library Shelving location Date acquired Cost, normal purchase price Total Checkouts Full call number Barcode Date last seen Price effective from Koha item type
      College Library College Library Reserve Section 05/28/2014 2338.00   HD 30.28 .T68 2013 C18027 10/30/2014 05/28/2014 Books

Strategy in practice :

APA

Tovstiga G., . (2013). Strategy in practice. Hoboken: Wiley, a John Wiley and Sons, Ltd, Publication.

Chicago

Tovstiga George, . 2013. Strategy in practice. Hoboken: Wiley, a John Wiley and Sons, Ltd, Publication.

Harvard

Tovstiga G., . (2013). Strategy in practice. Hoboken: Wiley, a John Wiley and Sons, Ltd, Publication.

MLA

Tovstiga George, . Strategy in practice. Hoboken: Wiley, a John Wiley and Sons, Ltd, Publication. 2013.

  • Place hold
  • Print
  • Cite
  • Add to your cart (remove)
  • Save record
    BIBTEX Dublin Core MARCXML MARC (non-Unicode/MARC-8) MARC (Unicode/UTF-8) MARC (Unicode/UTF-8, Standard) MODS (XML) RIS
  • More searches
    Search for this title in:
    Other Libraries (WorldCat) Other Databases (Google Scholar) Online Stores (Bookfinder.com) Open Library (openlibrary.org)

Exporting to Dublin Core...

SOUTHVILLE LIBRARY

Southville International School and Colleges Library

1281 Tropical Ave. Cor. Luxembourg St., BF Homes International, Las Pinas City

Tel. No. 8256374 / 252358 Loc. 117/146

Powered by Koha